000 00400nam a2200157Ia 4500
003 GCL
008 140319s9999 xx 000 0 ara d
040 _aGCL /
_cGCL
082 0 4 _aد
_b050
100 1 _aحاتم نصر فريد
245 1 0 _aرسالة من المخ (اقرا 428 ) /
_cحاتم نصر فريد
300 _a157
490 _aاقرأ
_v0
650 0 4 _aالمخ
942 _2ddc
_cBK
999 _c48599
_d48599